000
00221 a2200097 4500
001
48262
100
_a
Aeqan Iqbal
245
_a
Muhammad Munawar
260
_a
Karachi
_b
Civil and Military press
_c
090
_c
31216
_d
31216
942
_a
NUST-CAE
_c
M
_c
23577
999
_c
283335
_d
283335